Lễ cúng vía của người Thái Đen ở Mường Thanh, Điện Biên
Nội dung sách giới thiệu khái quát chung, cúng sửa vía cho trẻ nhỏ bằng trứng gà, cúng sửa vía bằng chuột, bằng gà, bằng vịt, bằng lợn... của người Thái Đen ở Mường Thanh, Điện Biên.
সংরক্ষণ করুন:
| প্রধান লেখক: | |
|---|---|
| বিন্যাস: | গ্রন্থ |
| ভাষা: | Undetermined |
| প্রকাশিত: |
Hà Nội
Sân khấu
2016
|
| বিষয়গুলি: | |
| ট্যাগগুলো: |
ট্যাগ যুক্ত করুন
কোনো ট্যাগ নেই, প্রথমজন হিসাবে ট্যাগ করুন!
|
| Thư viện lưu trữ: | Trung tâm Học liệu Trường Đại học Cần Thơ |
|---|
| LEADER | 00918nam a2200205Ia 4500 | ||
|---|---|---|---|
| 001 | CTU_225883 | ||
| 008 | 210402s9999 xx 000 0 und d | ||
| 082 | |a 390.09597 | ||
| 082 | |b H121 | ||
| 100 | |a Tòng, Văn Hân | ||
| 245 | 0 | |a Lễ cúng vía của người Thái Đen ở Mường Thanh, Điện Biên | |
| 245 | 0 | |c Tòng Văn Hân | |
| 260 | |a Hà Nội | ||
| 260 | |b Sân khấu | ||
| 260 | |c 2016 | ||
| 520 | |a Nội dung sách giới thiệu khái quát chung, cúng sửa vía cho trẻ nhỏ bằng trứng gà, cúng sửa vía bằng chuột, bằng gà, bằng vịt, bằng lợn... của người Thái Đen ở Mường Thanh, Điện Biên. | ||
| 650 | |a Phong tục tập quán,Manners and customs | ||
| 650 | |z Việt Nam,Vietnam | ||
| 910 | |b dqhieu | ||
| 980 | |a Trung tâm Học liệu Trường Đại học Cần Thơ | ||